| 000 | 00790cab a2200241 4500 | ||
|---|---|---|---|
| 001 | ABS57609 | ||
| 008 | 090401t1997 xxu||||| |||| 00| 0 eng d | ||
| 035 | _a(Sirsi) u81061 | ||
| 041 | _aeng | ||
| 245 | _aTips for the top of the table | ||
| 260 | _c1997 | ||
| 350 | _a0 | ||
| 490 |
_aHousing _vSeptember 1997, 12-14(2) |
||
| 520 | _aAnalysis of the housing association sector in the UK. Looks at how the largest associations have grown over the last sixteen years and the share of development between associations. Tables. | ||
| 650 | _aDEVELOPMENT PROGRAMMES | ||
| 650 | _aHOUSING ASSOCIATIONS | ||
| 650 | _aLOCAL AUTHORITIES | ||
| 650 | _aNATIONAL HOUSING FEDERATION | ||
| 650 | _aSOCIAL HOUSING | ||
| 690 |
_aBlock management _96220 |
||
| 942 | _n0 | ||
| 948 | _c24/09/1997 | ||
| 999 |
_c51071 _d51071 |
||